000 01030nam a2200277 i 4500
001 bg
245 0 0 _aZarządzanie gospodarką i finansami gminy :
_bpraca zbiorowa /
_cpod red. Hanny Sochackiej-Krysiak.
260 _aWarszawa :
_bSzkoła Główna Handlowa. Oficyna Wydawnicza,
_c2003.
300 _a246 s. ;
_c24 cm.
504 _aBibliogr.
650 9 _aGospodarka terenowa
_zPolska
_yod 1989 r.
650 9 _aPlanowanie strategiczne
_zPolska
_yod 1989 r.
650 9 _aZarządzanie strategiczne
_zPolska
_yod 1989 r.
650 9 _aMieszkania
_xgospodarka
_zPolska
_yod 1989 r.
650 9 _aNieruchomości
_xhandel
_zPolska
_yod 1989 r.
650 9 _aSamorząd terytorialny
_zPolska
_yod 1989 r.
700 1 _aSOCHACKA-KRYSIAK, Hanna.
_eRed.
020 _a8373780351
040 _cBPK
041 0 _apol
080 _a332:336.1:352/353](438)"1989/..."
920 _a83-7378-035-1
942 _cKS
008 s pl f |000 0 pol
999 _c43787
_d43787
856 _uhttp://koha.tu.koszalin.pl/cgi-bin/koha/opac-detail.pl?biblionumber=43787
_yKatalog online BPK